Developing instructional modules for teacher education : selected exemplar modules /

Bibliographic Details
Corporate Authors: Asian Centre of Educational Innovation for Development, Asian Programme of Educational Innovation for Development, Workshop for Development of Modules for Core Curriculum of Teacher Education
Format: Conference Proceeding Book
Language:English
Published: Bangkok : UNESCO Regional Office for Education in Asia and Oceania, 1978.
Subjects:

MARC

Tag First Indicator Second Indicator Subfields
LEADER 00000cam a2200000 a 4500
001 in00000283813
005 20151010091551.0
008 790920s1978 th a b i10000 eng d
035 |a (OCoLC)05393811 
035 |9 ABG5830AM 
040 |a YSM  |c YSM  |d m.c.  |d TXA  |d UtOrBLW 
043 |a a------ 
049 |a TXAM  |c [1504490] 
090 |a LC5148 A78  |b  D4 1977 
245 0 0 |a Developing instructional modules for teacher education :  |b  selected exemplar modules /  |c [prepared by the Workshop for Development of Modules for Core Curriculum of Teacher Education, convened by ACEID at Bangkok, Thailand, from 6-12 December 1977]. 
264 1 |a Bangkok :  |b UNESCO Regional Office for Education in Asia and Oceania,  |c 1978. 
300 |a ix, 272 pages :  |b illustrations ;  |c 30 cm. 
336 |a text  |b txt  |2 rdacontent 
337 |a unmediated  |b n  |2 rdamedia 
338 |a volume  |b nc  |2 rdacarrier 
500 |a At head of title: Asian Programme of Educational Innovation for Development. 
504 |a Includes bibliographies. 
650 0 |a Education, Rural  |z Asia. 
650 0 |a Teachers  |x Training of  |z Asia. 
650 0 |a Education  |z Asia  |x Curricula. 
710 2 |a Asian Centre of Educational Innovation for Development. 
710 2 |a Asian Programme of Educational Innovation for Development. 
711 2 |a Workshop for Development of Modules for Core Curriculum of Teacher Education  |d (1977 :  |c Bangkok, Thailand) 
999 |a MARS 
999 f f |s b89723af-b910-3909-ac40-edda310aea5d  |i 569c430a-2df5-3ad6-8601-fbc27f953ee1  |t 0 
952 f f |p normal  |a Texas A&M University  |b College Station  |c Sterling C. Evans Library  |d Evans: Library Stacks  |t 0  |e LC5148 A78 D4 1977  |h Library of Congress classification  |i unmediated -- volume  |m A14806357410 
998 f f |a LC5148 A78 D4 1977  |t 0  |l Evans: Library Stacks